Educación Sexual Integral /
Guardado en:
| Autor Principal: | |
|---|---|
| Autor Corporativo: | |
| Formato: | Libro |
| Idioma: | Undetermined |
| Publicado: |
Buenos Aires :
Ministerio de Educación de la Nación,
2021.
|
| Series: | Colección Derechos Humanos, Género y ESI en la escuela
|
| Materias: | |
| Etiquetas: |
Agregar Etiqueta
Sin Etiquetas, Sea el primero en etiquetar este registro!
|
| LEADER | 02030nam a22002535a 4500 | ||
|---|---|---|---|
| 001 | CEM.cems019526 | ||
| 008 | 220913s2021####ag############000#0#und#d | ||
| 005 | 20231124174035.0 | ||
| 245 | 1 | 0 | |a Educación Sexual Integral / |c Jaime Perczyk. |
| 260 | |a Buenos Aires : |b Ministerio de Educación de la Nación, |c 2021. | ||
| 300 | |a 120 p. | ||
| 490 | 1 | |a Colección Derechos Humanos, Género y ESI en la escuela | |
| 505 | 0 | |a Escuela, democracia y ciudadanía -- Introducción -- La ESI como parte de la agenda de las nuevas ciudadanías democráticas -- ¿De qué hablamos cuando hablamos de ESI? -- Alcance de la ESI -- La sexualidad como construcción social -- La ESI como política de Estado -- La Esi en un sistema educativo federal -- Antecedentes de la ley de ESI -- El derecho a la Educación Sexual Integral: la Ley N° 26150 -- El devenir de la ESI: balances y nuevas regulaciones -- Derechos, activismos y experiencias colectivas de ESI -- Las organizaciones de la sociedad civil y la conquista de derechos -- El rol docente en la expansión de la ESI -- La ESI en el aula -- La noción de integralidad de la educación sexual -- La ESI y el vínculo pedagógico -- Roles sociales y ESI -- El cuerpo, la sexualidad y el deseo como temas de la ESI -- De la "práctica de la tolerancia" al reconocimiento pedagógico de la diferencia -- La Ley N°27610 y la ESI: un nuevo desafío para la escuela -- La ESI: apertura de autoridad en la escuela -- La ESI como jerarquización del rol docente -- Propuestas de actividades para trabajar la ESI en el aula -- Recursero | |
| 020 | |a 9789500015295 | ||
| 100 | 1 | |a Perczyk, Jaime. | |
| 110 | 2 | |a Ministerio de Educación de la Nación. | |
| 653 | |a Derechos | ||
| 653 | |a Derechos Humanos | ||
| 653 | |a ESI | ||
| 653 | |a Educación Sexual Integral | ||
| 653 | |a Derechos del niño | ||
| 859 | |a CEMS |b BIB. CEMS - Agricultura |h 371.76 |i P412-1 |p A3539.23 |t Ej.1 | ||
| 859 | |a CEMS |b BIB. CEMS - 11 de abril |h 371.76 |i P412-1 |p 29375.22 |t Ej.1 | ||
| 859 | |a CEMS |b BIB. CEMS |h 371.76 |i P412-1 |p 29825.23 |t Ej.2 | ||
